The strategy of conflict

Enregistré dans:
Détails bibliographiques
Auteur principal: Schelling, Thomas C.
Format: Livre
Langue:Undetermined
Publié: Cambridge Harvard University Press 1960
Sujets:
Tags: Ajouter un tag
Pas de tags, Soyez le premier à ajouter un tag!
Thư viện lưu trữ: Trung tâm Học liệu Trường Đại học Cần Thơ
LEADER 00512nam a2200181Ia 4500
001 CTU_78001
008 210402s9999 xx 000 0 und d
082 |a 158 
082 |b S322 
100 |a Schelling, Thomas C. 
245 4 |a The strategy of conflict 
245 0 |c Thomas C. Schelling 
260 |a Cambridge 
260 |b Harvard University Press 
260 |c 1960 
650 |a Games of strategy (Mathematics),Negotiation 
904 |i Nguyên 
980 |a Trung tâm Học liệu Trường Đại học Cần Thơ